[Event "3rd Geller mem Open A"]
[Site "Odessa UKR"]
[Date "2007.09.11"]
[Round "4"]
[White "Sumets,A"]
[Black "Vasilyev,M"]
[Result "1-0"]
[WhiteElo "2529"]
[BlackElo "2329"]

1.d4 Nf6 2.c4 g6 3.Nc3 Bg7 4.e4 d6 5.Nf3 O-O 6.Be2 e5 7.O-O Nc6 8.dxe5 dxe5
9.Bg5 Qxd1 10.Rfxd1 Bg4 11.Rac1 Bxf3 12.Bxf3 Nd4 13.Nd5 Nxd5 14.cxd5 f6 15.Be3 Nxf3+
16.gxf3 Rf7 17.Rc3 Bf8 18.f4 Bd6 19.fxe5 fxe5 20.Rdc1 b6 21.a4 Kg7 22.Kg2 h6
23.Rc6 Rd7 24.a5 Rf8 25.Kf1 Rf3 26.R1c3 g5 27.Bd2 Rf6 28.Ke2 Rdf7 29.Be3 g4
30.Rc1 Rg6 31.Rg1 h5 32.a6 h4 33.Rcc1 Kf6 34.h3 Rfg7 35.hxg4 Rxg4 36.Rxg4 Rxg4
37.Kf3 Rg7 38.Rh1 Rh7 39.Kg4 Rg7+ 40.Kh3 Kf7 41.Rc1 Rh7 42.Bg5 Ke8 43.f3 Kd7
44.Rg1 c6 45.dxc6+ Kxc6 46.Bf6 Rf7 47.Rg6 Kb5 48.Kxh4 Kxa6 49.Kg5 Kb5 50.Kf5 Rf8
51.Ke6 Bb8 52.Rg5 Kc4 53.Rf5 b5 54.Ke7 Rg8 55.Bxe5 Bxe5 56.Rxe5 b4 57.f4 Kb3
58.f5 Kxb2 59.f6 b3 60.f7 Rg7 61.Ra5  1-0

[Event "17th ch-EU U16 Girls"]
[Site "Sibenik CRO"]
[Date "2007.09.18"]
[Round "5"]
[White "Ilie,M"]
[Black "Haug,M"]
[Result "0-1"]
[WhiteElo "1858"]
[BlackElo "1685"]

1.d4 Nf6 2.c4 g6 3.Nc3 Bg7 4.e4 d6 5.Nf3 O-O 6.Be2 e5 7.O-O Nc6 8.d5 Ne7
9.Ne1 Nd7 10.Be3 f5 11.f3 f4 12.Bf2 g5 13.Rc1 a6 14.b4 Nf6 15.c5 h5 16.Na4 g4
17.cxd6 cxd6 18.Nb6 Rb8 19.Nxc8 Rxc8 20.Kh1 Qe8 21.Nd3 Qg6 22.Qb3 g3 23.Bg1 h4
24.Nxe5 Qg5 25.Nc4 h3 26.hxg3 Nh5 27.Rfe1 b5 28.Nxd6 Rxc1  0-1

[Event "17th Senior WCh"]
[Site "Gmunden AUT"]
[Date "2007.09.19"]
[Round "3"]
[White "Busu,C"]
[Black "Nickl,K"]
[Result "1-0"]
[WhiteElo "2381"]
[BlackElo "2116"]

1.d4 Nf6 2.c4 g6 3.Nc3 Bg7 4.e4 d6 5.Nf3 O-O 6.Be2 e5 7.O-O Nc6 8.d5 Ne7
9.b4 Nh5 10.Re1 Nf4 11.Bf1 f5 12.exf5 Bxf5 13.Bxf4 exf4 14.Rc1 Bg4 15.Bd3 Nf5
16.Bxf5 Rxf5 17.h3 Bxf3 18.Qxf3 Re5 19.Rxe5 Bxe5 20.Ne4 c6 21.Qd3 Kg7 22.Rd1 a5
23.a3 axb4 24.axb4 Ra4 25.dxc6 bxc6 26.Nc5 Qa8 27.Nxa4 Qxa4 28.b5 cxb5 29.cxb5 f3
30.b6 fxg2 31.b7 Qf4 32.Qg3 Qa4 33.Qf3 Qb4 34.Kxg2 h5 35.Rd3 Qb6 36.Rb3 Qd8
37.b8=Q Qg5+ 38.Qg3 Bxg3 39.Rb7+  1-0

[Event "LNA Copa Puma"]
[Site "Argentina ARG"]
[Date "2007.09.22"]
[Round "7"]
[White "Orozco,G"]
[Black "Converset,J"]
[Result "0-1"]
[WhiteElo "2239"]
[BlackElo "2243"]

1.d4 Nf6 2.Nf3 g6 3.c4 Bg7 4.Nc3 O-O 5.e4 d6 6.Be2 e5 7.O-O Nc6 8.d5 Ne7
9.Ne1 Nd7 10.Be3 f5 11.f3 f4 12.Bf2 g5 13.b4 Ng6 14.c5 Nf6 15.a4 Rf7 16.a5 h5
17.b5 g4 18.b6 g3 19.hxg3 fxg3 20.Bxg3 axb6 21.axb6 Rxa1 22.Qxa1 cxb6 23.cxd6 h4
24.Bf2 Nh5 25.Qb2 Ngf4 26.Qxb6 Qg5 27.Be3 Ng3 28.Bxf4 exf4 29.Qc5 Bd7 30.Bd1 h3
31.e5 h2+ 32.Kf2 Qxe5  0-1

[Event "16th Monarch Assurance"]
[Site "Port Erin IOM"]
[Date "2007.09.25"]
[Round "4"]
[White "Almond,R"]
[Black "Klinova,M"]
[Result "0-1"]
[WhiteElo "2101"]
[BlackElo "2326"]

1.d4 d6 2.Nf3 Nf6 3.c4 g6 4.Nc3 Bg7 5.e4 O-O 6.Be2 Nc6 7.O-O e5 8.d5 Ne7
9.Ne1 Ne8 10.Nd3 f5 11.f4 c6 12.Bf3 cxd5 13.cxd5 fxe4 14.Bxe4 Nf5 15.Bd2 Nf6
16.Kh1 Nxe4 17.Nxe4 Qb6 18.fxe5 dxe5 19.Bc3 Re8 20.Qf3 Qe3 21.Rae1 Qxf3 22.Rxf3 b6
23.Ng3 Nxg3+ 24.Rxg3 Bb7 25.Bxe5 Bxd5 26.b3 Bh6 27.Bc3 Rxe1+ 28.Nxe1 Be4
29.Bd4 Rd8 30.Bf2 Rd2 31.Kg1 Rxa2 32.Be3 Bg7 33.Rg4 Bd5 34.b4 Re2 35.Bf2 Bc3
36.Kf1 Re4 37.Rxe4 Bxe4 38.b5 Bd5 39.Ke2 Bc4+ 40.Kd1 Bxb5  0-1

[Event "17th Senior WCh"]
[Site "Gmunden AUT"]
[Date "2007.09.27"]
[Round "10"]
[White "Viner,P"]
[Black "Grinberg,I"]
[Result "1-0"]
[WhiteElo "2175"]
[BlackElo "2272"]

1.d4 Nf6 2.c4 g6 3.Nc3 Bg7 4.Nf3 O-O 5.e4 d6 6.Be2 e5 7.O-O Nc6 8.Be3 Ng4
9.Bg5 f6 10.Bc1 Nh6 11.Rb1 Kh8 12.Re1 Nf7 13.Be3 f5 14.dxe5 fxe4 15.Nd2 Ncxe5
16.Ndxe4 Be6 17.b3 Bf5 18.Rc1 Re8 19.Ng3 Bd7 20.Nd5 a5 21.Bd4 Bc6 22.f4 Bxd5
23.cxd5 Nd7 24.Bxg7+ Kxg7 25.Bb5 Rxe1+ 26.Qxe1 Nc5 27.Ne4 Nxe4 28.Qxe4 c5
29.Re1 Qf6 30.g3 Rf8 31.Kg2 b6 32.Re2 h5 33.Bd3 h4 34.Qe6 Nd8 35.Qe7+ Qf7
36.Qxd6 Qf6 37.Re7+ Kh6 38.Qd7 Rh8 39.Re5 Nf7 40.Qe6 h3+ 41.Qxh3+ Kg7 42.Qd7 Rd8
43.Qe7 Rd6 44.Bc4 g5 45.Rxg5+ Kh7 46.Bd3+  1-0

[Event "17th Senior WCh"]
[Site "Gmunden AUT"]
[Date "2007.09.27"]
[Round "10"]
[White "Butnorius,A"]
[Black "Uhlmann,W"]
[Result "1-0"]
[WhiteElo "2394"]
[BlackElo "2417"]

1.d4 Nf6 2.c4 g6 3.Nc3 Bg7 4.e4 O-O 5.Nf3 d6 6.Be2 e5 7.O-O Nc6 8.d5 Ne7
9.b4 Nh5 10.Re1 f5 11.Ng5 Nf6 12.f3 Nh5 13.c5 a5 14.b5 dxc5 15.Bc4 Kh8 16.d6 cxd6
17.Nf7+ Rxf7 18.Bxf7 Nf6 19.Bg5 Qf8 20.Bc4 Ne8 21.Qd2 Bf6 22.Bh6 Bg7 23.Bxg7+ Kxg7
24.Na4 f4 25.Nb6 Ra7 26.Rac1 Qf6 27.Rc3 Be6 28.Ra3 Bxc4 29.Nxc4 Qe6 30.Rc1 d5
31.exd5 Qxd5 32.Qxd5 Nxd5 33.Rd1 Nef6 34.Rad3 Ne7 35.Nxe5 Nf5 36.Nd7 Ne3
37.Rc1 c4 38.Rd6 Nfd5 39.Ne5 c3 40.Ng4 c2 41.b6 Ra8 42.Rd7+ Kh8 43.Rxb7 Ra6
44.Nxe3 Nxe3 45.Kf2 Kg8 46.g3 g5 47.gxf4 gxf4 48.Ke2 Kf8 49.Kd2 Ra8 50.Rd7 Nc4+
51.Kxc2 Nxb6 52.Rxh7 Kg8 53.Rb7 Nd5 54.Kb3  1-0

[Event "WJun Girls"]
[Site "Yerevan ARM"]
[Date "2007.10.03"]
[Round "1"]
[White "Darbinyan,N"]
[Black "Zawadzka,J"]
[Result "1/2-1/2"]
[WhiteElo "2089"]
[BlackElo "2371"]

1.Nf3 Nf6 2.c4 g6 3.Nc3 Bg7 4.e4 d6 5.d4 O-O 6.Be2 e5 7.O-O Nc6 8.Be3 Ng4
9.Bg5 f6 10.Bc1 Nh6 11.dxe5 dxe5 12.Qd5+ Nf7 13.Be3 Qe8 14.Nb5 Be6 15.Nxc7 Bxd5
16.Nxe8 Bxe4 17.Nxg7 Kxg7 18.Rad1 Bf5 19.c5 Be6 20.b3 Rfc8 21.Bb5 h6 22.Rfe1 a6
23.Ba4 Rc7 24.Bxc6 Rxc6 25.Nd2 g5 26.f3 a5 27.a3 Rd8 28.b4 Rd3 29.Nb1 Rb3
30.bxa5 Rb5 31.a4 Rxa5 32.Nc3 Rc8 33.Rb1 Nd8 34.Red1 Kf7 35.Nb5 Ke7 36.Nd6 Rc7
37.c6 Rd5 38.cxb7 Rxd1+ 39.Rxd1 Nxb7 40.Nxb7 Rxb7 41.Bc5+ Kf7 42.a5 Bc4 43.Bb6 Ke6
44.Kf2 f5 45.Rc1 Kd5 46.Rd1+ Ke6 47.Rc1 Kd5  1/2-1/2

[Event "FSIM October"]
[Site "Budapest HUN"]
[Date "2007.10.06"]
[Round "1"]
[White "Gauri,S"]
[Black "Farago,S"]
[Result "1/2-1/2"]
[WhiteElo "2251"]
[BlackElo "2261"]

1.d4 Nf6 2.c4 g6 3.Nc3 Bg7 4.e4 d6 5.Nf3 O-O 6.Be2 e5 7.O-O Nc6 8.d5 Ne7
9.b4 c6 10.Ba3 Nh5 11.dxc6 bxc6 12.Qd2 Nf4 13.Rad1 Be6 14.b5 c5 15.Rfe1 Nxe2+
16.Qxe2 Qa5 17.Bb2 Qb4 18.Rxd6 Bxc4 19.Qd2 Nc8 20.Ra6 Bxb5 21.Ba3 Qc4 22.Ra5 Bc6
23.Rxc5 Qa6 24.Rxc6 Qxa3 25.Nd5 Nb6 26.Nf6+ Bxf6 27.Rxf6 Rad8 28.Qh6 Nd7
29.Rc6 f6 30.Ng5 fxg5 31.Rxg6+ hxg6 32.Qxg6+ Kh8 33.Qh6+  1/2-1/2

[Event "Open"]
[Site "Winterthur SUI"]
[Date "2007.10.06"]
[Round "2"]
[White "Malakhatko,V"]
[Black "Hando,V"]
[Result "1-0"]
[WhiteElo "2603"]
[BlackElo "2194"]

1.d4 Nf6 2.c4 g6 3.Nc3 Bg7 4.e4 d6 5.Nf3 O-O 6.Be2 e5 7.O-O Nc6 8.d5 Ne7
9.b4 Nh5 10.Re1 f5 11.Ng5 Nf4 12.Bxf4 exf4 13.Rc1 Bh6 14.Nf3 g5 15.Bd3 fxe4
16.Bxe4 Nf5 17.Nb5 Bg7 18.c5 g4 19.Bxf5 Rxf5 20.Nfd4 Rh5 21.g3 a6 22.Nc3 Be5
23.Ne6 Bxe6 24.dxe6 Qg5 25.Ne4 Qh6 26.Qxg4+ Kh8 27.e7 Rxh2 28.cxd6 Rh1+ 29.Kg2 Rxe1
30.Rxe1 cxd6 31.Qd7 Qg6 32.Nxd6 Rg8 33.e8=Q f3+ 34.Kg1  1-0

[Event "WJun Girls"]
[Site "Yerevan ARM"]
[Date "2007.10.06"]
[Round "4"]
[White "Darbinyan,N"]
[Black "Soumya,Sw"]
[Result "0-1"]
[WhiteElo "2089"]
[BlackElo "2244"]

1.Nf3 Nf6 2.c4 g6 3.Nc3 Bg7 4.e4 d6 5.d4 O-O 6.Be2 e5 7.O-O Nc6 8.Be3 Ng4
9.Bg5 f6 10.Bh4 g5 11.Bg3 Nh6 12.dxe5 dxe5 13.Qxd8 Rxd8 14.Nd5 g4 15.Ne1 Nd4
16.Bd1 c6 17.Ne3 Nf7 18.Bxg4 Bxg4 19.Nxg4 Nd6 20.Bh4 Rf8 21.f3 Nxc4 22.b3 Nd6
23.Bf2 f5 24.exf5 N6xf5 25.Rd1 Rad8 26.Kh1 h5 27.Ne3 Nxe3 28.Bxe3 Nf5 29.Nc2 Rd5
30.Bxa7 Ra8 31.Ne3 Nxe3 32.Bxe3 Rxa2 33.Rb1 Rd3 34.Bg5 c5 35.h4 Kf7 36.Rfd1 Rd4
37.Ra1 Rxa1 38.Rxa1 Rb4 39.Rc1 Bf8 40.Rc3 Ke6 41.Kg1 b5 42.Kf2 c4 43.bxc4 bxc4
44.g4 Bc5+ 45.Ke2 Bd4 46.Rc2 hxg4 47.fxg4 c3 48.h5 e4 49.Bh4 Kd5 50.g5 Kc4
51.g6 Rb2 52.Kd1 Kd3 53.Rc1 e3  0-1

[Event "TCh-BEL 2007-8"]
[Site "Belgium BEL"]
[Date "2007.10.07"]
[Round "1"]
[White "Van der Stricht,G"]
[Black "Decoster,F"]
[Result "1-0"]
[WhiteElo "2428"]
[BlackElo "2257"]

1.d4 Nf6 2.c4 g6 3.Nc3 Bg7 4.e4 d6 5.Nf3 O-O 6.Be2 e5 7.O-O Nc6 8.d5 Ne7
9.b4 c6 10.Rb1 a6 11.Qb3 h6 12.Rd1 cxd5 13.cxd5 Nd7 14.Nd2 f5 15.Nc4 Rf6
16.a4 Nb6 17.Nxb6 Qxb6 18.a5 Qd8 19.Be3 Rf7 20.f3 g5 21.Na4 g4 22.fxg4 fxe4
23.Nb6 Rb8 24.Rf1 Qe8 25.Qc4 Rxf1+ 26.Rxf1 Bd7 27.Qc7 Rd8 28.Qxb7 Ng6 29.g3 Nf4
30.gxf4 Bxg4 31.Bxg4 Qg6 32.h3 exf4 33.Rxf4 h5 34.Qe7 Re8 35.Qd7 Bh6 36.Qf5 Qg7
37.Qxh5 Re5 38.Qh4 Bxf4 39.Bxf4 Re8 40.Qg5 e3 41.Be6+  1-0

[Event "3rd Arctic Cup"]
[Site "Salekhard RUS"]
[Date "2007.10.08"]
[Round "1"]
[White "Straka,Jo"]
[Black "Mitura,K"]
[Result "1/2-1/2"]
[WhiteElo "2039"]
[BlackElo "2010"]

1.d4 Nf6 2.c4 g6 3.Nc3 Bg7 4.e4 d6 5.Nf3 O-O 6.Be2 e5 7.O-O Nc6 8.Be3 Ng4
9.Bg5 f6 10.Bh4 g5 11.d5  1/2-1/2

[Event "GM"]
[Site "Corfu GRE"]
[Date "2007.10.10"]
[Round "9"]
[White "Nikolaidis,K"]
[Black "Dembo,Y"]
[Result "0-1"]
[WhiteElo "2314"]
[BlackElo "2448"]

1.Nf3 Nf6 2.c4 g6 3.Nc3 Bg7 4.e4 d6 5.d4 O-O 6.Be2 e5 7.O-O Nc6 8.d5 Ne7
9.Ne1 Nd7 10.Be3 f5 11.f3 f4 12.Bf2 g5 13.a4 a5 14.Nd3 b6 15.b4 axb4 16.Nxb4 Nf6
17.Nd3 h5 18.Nb5 Ng6 19.a5 bxa5 20.c5 g4 21.Qc2 g3 22.hxg3 fxg3 23.Bxg3 h4
24.Be1 Nh5 25.Rxa5 Rxa5 26.Bxa5 Bh6 27.Bd2 Bxd2 28.Qxd2 Ngf4 29.Nxf4 Nxf4
30.Rd1 Qg5 31.Bf1 Qg3 32.Rc1 Nh3+ 33.Kh1 Nf2+ 34.Kg1 h3  0-1

[Event "Open"]
[Site "Winterthur SUI"]
[Date "2007.10.10"]
[Round "6"]
[White "Nabavi,P"]
[Black "Schaffner,D"]
[Result "1-0"]
[WhiteElo "2166"]
[BlackElo "1991"]

1.d4 Nf6 2.c4 g6 3.Nc3 Bg7 4.e4 d6 5.Nf3 O-O 6.Be2 e5 7.O-O Nc6 8.d5 Ne7
9.Ne1 Ne8 10.Nd3 f5 11.Bd2 Nf6 12.f3 f4 13.c5 h5 14.Rc1 Rf7 15.Nb5 Ne8 16.cxd6 cxd6
17.a4 Bf8 18.Qb3 g5 19.Nf2 Rg7 20.h3 Kh8 21.Rc2 Ng8 22.Rfc1 Nh6 23.Ba5 b6
24.Nxa7 Raxa7 25.Rxc8  1-0

[Event "Open"]
[Site "Winterthur SUI"]
[Date "2007.10.11"]
[Round "7"]
[White "Schiendorfer,E"]
[Black "Wyss,R"]
[Result "1-0"]
[WhiteElo "2163"]
[BlackElo "2026"]

1.d4 Nf6 2.c4 g6 3.Nc3 Bg7 4.e4 d6 5.Nf3 O-O 6.Be2 e5 7.O-O Nc6 8.d5 Ne7
9.b4 Nh5 10.Re1 h6 11.c5 Nf4 12.Bxf4 exf4 13.Rc1 g5 14.Nd2 Ng6 15.cxd6 cxd6
16.Nc4 Ne5 17.Nxe5 Bxe5 18.a4 Qf6 19.Nb1 Qg6 20.Bh5 Qg7 21.Bg4 f5 22.exf5 Bxf5
23.Bxf5 Rxf5 24.Qd3 Raf8 25.Nd2 g4 26.Nc4 g3 27.Nxe5 gxf2+ 28.Kxf2 Rg5 29.Nf3 Rxg2+
30.Kf1 Qb2 31.Qd4 Rxh2 32.Qg1+  1-0

[Event "Lendas do Xadrez"]
[Site "Rio de Janeiro BRA"]
[Date "2007.10.20"]
[Round "9"]
[White "Teixeira,Ri"]
[Black "Fontes,C1"]
[Result "1-0"]
[WhiteElo "2397"]
[BlackElo "2209"]

1.d4 Nf6 2.Nf3 g6 3.c4 Bg7 4.Nc3 O-O 5.e4 d6 6.Be2 e5 7.O-O Nc6 8.d5 Ne7
9.Nh4 Nd7 10.Be3 f5 11.exf5 Nxf5 12.Nxf5 gxf5 13.f4 Nf6 14.c5 Ng4 15.Bxg4 fxg4
16.Qd2 Bf5 17.fxe5 Bxe5 18.Bf4 Bg7 19.c6 Qf6 20.Rad1 Rab8 21.Be3 Qg6 22.Bxa7 Be5
23.g3 b6 24.Bxb8 Rxb8 25.Nb5 Be4 26.Nxc7 Qh5 27.Ne6 h6 28.c7 Rc8 29.Qf2 Bf3
30.Rd3  1-0

[Event "Open A"]
[Site "Arco di Trento ITA"]
[Date "2007.10.23"]
[Round "4"]
[White "Cardili,M"]
[Black "Vuelban,V"]
[Result "0-1"]
[WhiteElo "2100"]
[BlackElo "2410"]

1.d4 Nf6 2.c4 g6 3.Nc3 Bg7 4.e4 d6 5.Nf3 O-O 6.Be2 e5 7.O-O Nc6 8.d5 Ne7
9.Ne1 Nd7 10.Nd3 f5 11.Bd2 Nf6 12.f3 f4 13.Rc1 g5 14.c5 Ng6 15.cxd6 cxd6
16.Nb5 Rf7 17.Qc2 Ne8 18.Nf2 a6 19.Na3 b5 20.Qb3 h5 21.h3 Bf8 22.Nc2 Nf6
23.Nb4 Rg7 24.Nc6 Qe8 25.Rc2 Nh4 26.Be1 Qg6 27.Qd3 Qh7 28.Bd1 g4 29.Nh1 g3
30.Ba5 Qg6 31.Re1 Nh7 32.Bd8 Ng5 33.Bxg5 Qxg5 34.a4 bxa4 35.Rc3 Nxg2 36.Kxg2 Bxh3+
37.Kg1 h4 38.Bxa4 Bd7 39.b3 h3 40.Rc2 h2+  0-1

[Event "ch-Euro Blitz"]
[Site "Ajaccio FRA"]
[Date "2007.10.25"]
[Round "3"]
[White "Bacrot,E"]
[Black "Luciani,T"]
[Result "1-0"]
[WhiteElo "2695"]
[BlackElo "1748"]

1.d4 Nf6 2.c4 g6 3.Nc3 Bg7 4.e4 d6 5.Nf3 O-O 6.Be2 e5 7.O-O Nc6 8.d5 Ne7
9.b4 Ne8 10.c5 f5 11.Ng5 h6 12.Ne6 Bxe6 13.dxe6 dxc5 14.bxc5 c6 15.Qb3 Qc7
16.Rd1 Nf6 17.Rd6 Rfd8 18.Ba3 Kh8 19.Rad1 b5 20.Bb2 Bf8 21.f4 exf4 22.exf5 Nxf5
23.Nxb5 cxb5 24.Bxf6+ Ng7 25.Rxd8 Rxd8 26.Rxd8 Qxc5+ 27.Bd4 Qe7 28.Rd7 Qe8
29.Qc3  1-0

[Event "Open A"]
[Site "Arco di Trento ITA"]
[Date "2007.10.25"]
[Round "6"]
[White "Koelmans,J"]
[Black "Nicholson,JG"]
[Result "0-1"]
[WhiteElo "2008"]
[BlackElo "2170"]

1.d4 d6 2.Nf3 g6 3.c4 Bg7 4.Nc3 Nf6 5.e4 O-O 6.Be2 e5 7.O-O Nc6 8.d5 Ne7
9.Ne1 Ne8 10.Nd3 f5 11.Bd2 Nf6 12.f3 f4 13.g4 h5 14.g5 Nh7 15.h4 Nxg5 16.hxg5 Nf5
17.Rf2 Qxg5+ 18.Rg2 Ng3 19.Nf2 Bf6 20.Bf1 c6 21.Ne2 h4 22.Nxg3 hxg3 23.Ng4 Qh4
24.c5 Kg7 25.Be2 Rh8  0-1

[Event "2nd MAIG Team Standard"]
[Site "Macau CHN"]
[Date "2007.10.28"]
[Round "1"]
[White "Ayyad,M"]
[Black "Al Modiahki,M"]
[Result "0-1"]
[WhiteElo "2165"]
[BlackElo "2572"]

1.d4 Nf6 2.Nf3 g6 3.c4 Bg7 4.Nc3 O-O 5.e4 d6 6.Be2 e5 7.O-O Nc6 8.d5 Ne7
9.b4 Nh5 10.Re1 a5 11.bxa5 Rxa5 12.g3 c5 13.dxc6 bxc6 14.Nd2 Nf6 15.Nb3 Ra8
16.Qd3 Ba6 17.Bg5 h6 18.Bxf6 Bxf6 19.Rad1 Nc8 20.Qc2 Qe7 21.c5 dxc5 22.Nb1 Bxe2
23.Rxe2 Nb6 24.Qxc5 Qxc5 25.Nxc5 Be7 26.Nb3 c5 27.Rc2 c4 28.N3d2 Rfd8 29.Rdc1 Rac8
30.Kg2 Rd4 31.a3 f5 32.Re1 Bd6 33.Nc3 Rd3 34.Nf3 Bxa3 35.Nxe5 Bb4 36.Re3 Rxe3
37.fxe3 Bxc3 38.Rxc3 fxe4 39.Kf2 Kg7 40.Ke2 h5  0-1

[Event "6th North Am FIDE Inv"]
[Site "Chicago USA"]
[Date "2007.10.29"]
[Round "3"]
[White "Vigorito,D"]
[Black "Muhammad,St"]
[Result "1-0"]
[WhiteElo "2399"]
[BlackElo "2384"]

1.c4 Nf6 2.Nc3 d6 3.Nf3 g6 4.d4 Bg7 5.e4 O-O 6.Be2 e5 7.O-O Nc6 8.d5 Ne7
9.Ne1 Nd7 10.Be3 f5 11.f3 f4 12.Bf2 g5 13.a4 a5 14.Nd3 b6 15.b4 axb4 16.Nb5 Nf6
17.Be1 g4 18.Bxb4 g3 19.h3 Ng6 20.Re1 Ne8 21.Bf1 Nh4 22.Qe2 Rf6 23.Reb1 Rg6
24.Ne1 Bf8 25.a5 Ba6 26.axb6 c6 27.Nc7 Nxc7 28.dxc6 Ne6 29.Bc3 Nc5 30.Qd1 Qe8
31.Qd5+ Kh8 32.Rxa6 Nxa6 33.c5 Nc7 34.bxc7 Rc8 35.Rb7 Rf6 36.Bc4 Kg7 37.Qg8+ Kh6
38.Qg4 Qxc6 39.Qxh4+ Kg7 40.Qg4+ Rg6 41.Qxc8 Qxc5+ 42.Kh1 Qxc4 43.Qd7+ Kh6
44.Qxh7+ Kg5 45.h4+ Kf6 46.Qh8+ Ke6 47.Nd3 Qxc3 48.Nxf4+ Kd7 49.Rb1 Rh6 50.Qxf8 Rxh4+
51.Nh3 Rxh3+ 52.gxh3 g2+ 53.Kh2  1-0

[Event "22nd GP Open A"]
[Site "Le Touquet FRA"]
[Date "2007.10.29"]
[Round "4"]
[White "Savchenko,S"]
[Black "Guilleux,F"]
[Result "1-0"]
[WhiteElo "2604"]
[BlackElo "2337"]

1.d4 Nf6 2.Nf3 g6 3.c4 Bg7 4.Nc3 O-O 5.e4 d6 6.Be2 e5 7.O-O Nc6 8.d5 Ne7
9.b4 Nh5 10.Re1 f5 11.Ng5 Nf6 12.Bf3 c6 13.b5 cxd5 14.cxd5 h6 15.Ne6 Bxe6
16.dxe6 Rc8 17.Qb3 d5 18.Nxd5 Nfxd5 19.exd5 e4 20.d6 Rc3 21.dxe7 Qxe7 22.Qa4 exf3
23.Bb2 Qg5 24.g3 Qg4 25.Qxg4 fxg4 26.Rad1 Rc7 27.e7 Re8 28.Rd8  1-0

[Event "7th Rohde Open"]
[Site "Sautron FRA"]
[Date "2007.10.29"]
[Round "3"]
[White "Malakhatko,V"]
[Black "Ivanov,Jo"]
[Result "1-0"]
[WhiteElo "2603"]
[BlackElo "2370"]

1.c4 Nf6 2.d4 g6 3.Nc3 Bg7 4.e4 d6 5.Nf3 O-O 6.Be2 e5 7.O-O Nc6 8.d5 Ne7
9.b4 Nh5 10.Re1 a5 11.bxa5 c5 12.Nd2 Nf4 13.Bf1 Rxa5 14.a4 Ra6 15.Ra3 Kh8
16.Nb5 Ng8 17.g3 Nh3+ 18.Bxh3 Bxh3 19.g4 Qh4 20.Rg3 Nf6 21.Nf3 Bxg4 22.Nxh4 Bxd1
23.Rxd1 Nxe4 24.Ra3 Bf6 25.Ng2 Bg5 26.Bb2 Kg8 27.f3 Nd2 28.Rc3 Rxa4 29.Nxd6 Be7
30.Nf5 Bg5 31.h4 Nxc4 32.Rxc4 Rxc4 33.hxg5 gxf5 34.Bxe5 Rd8 35.Ne3  1-0

[Event "2nd MAIG Team Standard"]
[Site "Macau CHN"]
[Date "2007.10.30"]
[Round "6"]
[White "Batchuluun,C"]
[Black "Al Modiahki,M"]
[Result "1-0"]
[WhiteElo "2415"]
[BlackElo "2572"]

1.d4 Nf6 2.c4 g6 3.Nc3 Bg7 4.e4 d6 5.Nf3 O-O 6.Be2 e5 7.O-O Nc6 8.d5 Ne7
9.Ne1 Nd7 10.Nd3 f5 11.Bd2 fxe4 12.Nxe4 Nf5 13.f3 Nf6 14.Ndf2 Nd4 15.Nxf6+ Qxf6
16.Ne4 Qe7 17.Bg5 Qf7 18.Bd3 h6 19.Be3 Bd7 20.Rc1 b6 21.b4 Kh8 22.Qd2 Nf5
23.Bf2 a5 24.a3 axb4 25.axb4 Nd4 26.Bxd4 exd4 27.Ng3 Rae8 28.Be4 Bf5 29.Qd3 Bxe4
30.Nxe4 Qf5 31.b5 Re7 32.Rce1 Be5 33.Nf2 Ref7 34.Qxf5 Rxf5 35.Nd3 g5 36.h3 Kg7
37.Kf2 h5 38.Ra1 Bf4 39.Nxf4 Rxf4 40.Ke2 g4 41.hxg4 hxg4 42.Kd3 Kg6 43.Rfe1 gxf3
44.gxf3 Rh4 45.Re6+ Kh5 46.Rf1 Ra8 47.Re4 Ra3+ 48.Kxd4 Rh2 49.Rg4 Rd2+ 50.Ke4 Rh2
51.Rg8 Kh4 52.Rfg1 Re2+ 53.Kf4  1-0

[Event "TCh-HUN 2007-8"]
[Site "Budapest HUN"]
[Date "2007.11.11"]
[Round "2"]
[White "Toth,Li"]
[Black "Hando,V"]
[Result "0-1"]
[WhiteElo "2231"]
[BlackElo "2194"]

1.d4 Nf6 2.c4 g6 3.Nc3 Bg7 4.e4 d6 5.Nf3 O-O 6.Be2 e5 7.O-O Nc6 8.d5 Ne7
9.Bg5 h6 10.Bxf6 Bxf6 11.b4 Kg7 12.c5 Ng8 13.Ne1 Bg5 14.Nd3 f5 15.exf5 Bxf5
16.Bg4 Bxd3 17.Qxd3 Rf4 18.Be6 Rxb4 19.cxd6 cxd6 20.Ne4 Be7 21.Rac1 Qb6 22.Rc4 Rxc4
23.Qxc4 Nf6 24.Nxf6 Bxf6 25.Rc1 h5 26.h3 Kh6 27.Qc2 Rf8 28.Rb1 Qd4 29.Rb3 Bg5
30.g3 h4 31.Kg2 e4 32.Qe2 hxg3 33.fxg3 e3  0-1

[Event "WYb14"]
[Site "Kemer TUR"]
[Date "2007.11.18"]
[Round "1"]
[White "Kottahachchy,K"]
[Black "Tanaka,C"]
[Result "1/2-1/2"]
[WhiteElo "1799"]
[BlackElo "2166"]

1.d4 Nf6 2.Nf3 g6 3.c4 Bg7 4.Nc3 O-O 5.e4 d6 6.Be2 e5 7.O-O Nc6 8.d5 Ne7
9.Ne1 Nd7 10.Be3 f5 11.f3 f4 12.Bf2 g5 13.b4 Rf6 14.c5 Rg6 15.Rc1 Nf6 16.cxd6 cxd6
17.Nb5 g4 18.Nc7 g3 19.Nxa8 Nh5 20.Qc2 Nc6 21.dxc6  1/2-1/2

[Event "WYb16"]
[Site "Kemer TUR"]
[Date "2007.11.19"]
[Round "2"]
[White "Akdag,D"]
[Black "Kanmazalp,O"]
[Result "0-1"]
[WhiteElo "2042"]
[BlackElo "2264"]

1.d4 Nf6 2.c4 g6 3.Nc3 Bg7 4.e4 d6 5.Nf3 O-O 6.Be2 e5 7.O-O Nc6 8.d5 Ne7
9.b4 a5 10.Ba3 axb4 11.Bxb4 b6 12.a4 Ne8 13.a5 c5 14.dxc6 Nxc6 15.Qd5 Bb7
16.a6 Nxb4 17.Qxb7 Rb8 18.Qxb8 Qxb8 19.a7 Qa8 20.Nd5 Nxd5 21.cxd5 Nc7 22.Rfc1 Qb7
23.Rxc7 Qxc7 24.a8=Q Rxa8 25.Rxa8+ Bf8 26.Kf1 Qc1+ 27.Ne1 Kg7 28.Rb8 Qb2
29.g3 Qd4 30.f3 h5 31.Nc2 Qc5 32.Ne1 Be7 33.f4 exf4 34.gxf4 Qe3 35.Ng2 Qxe4
36.Rxb6 h4 37.Rb3 Qxd5 38.Rd3 Qf5 39.Re3 Bf6 40.Bd3 Qc5  0-1

[Event "WYb18"]
[Site "Kemer TUR"]
[Date "2007.11.20"]
[Round "3"]
[White "Rakhmanov,Ale"]
[Black "Schiendorfer,E"]
[Result "1-0"]
[WhiteElo "2510"]
[BlackElo "2163"]

1.d4 Nf6 2.c4 g6 3.Nc3 Bg7 4.e4 d6 5.Be2 O-O 6.Nf3 e5 7.O-O Nc6 8.d5 Ne7
9.Nd2 a5 10.a3 Nd7 11.Rb1 f5 12.b4 Kh8 13.f3 axb4 14.axb4 c6 15.Kh1 fxe4
16.fxe4 Bh6 17.Nf3 Bxc1 18.Qxc1 cxd5 19.exd5 Nf5 20.Rb3 Qb6 21.Nb5  1-0

[Event "WYb14"]
[Site "Kemer TUR"]
[Date "2007.11.20"]
[Round "3"]
[White "Pascua,H"]
[Black "Manoeuvre,A"]
[Result "1-0"]
[WhiteElo "2177"]
[BlackElo "2090"]

1.d4 Nf6 2.c4 g6 3.Nc3 Bg7 4.e4 d6 5.Nf3 O-O 6.Be2 e5 7.O-O Nc6 8.d5 Ne7
9.b4 Ne8 10.c5 f5 11.Nd2 Rf7 12.a4 Kh8 13.a5 Ng8 14.Nc4 Ngf6 15.f3 f4 16.Ba3 Bf8
17.b5 b6 18.cxd6 cxd6 19.Na2 Rb7 20.Nb4 bxa5 21.Nc6 Qc7 22.N4xa5 Qb6+ 23.Rf2 Rf7
24.Nc4 Qc7 25.Bb4 a6 26.Ba5 Qb7 27.Nd8 Qa7 28.Nxf7+ Qxf7 29.Nb6 Rb8 30.bxa6 Qa7
31.Nxc8 Rxc8 32.Rb1 Qc5 33.Bb6 Qc3 34.Rb3  1-0

[Event "WYb16"]
[Site "Kemer TUR"]
[Date "2007.11.20"]
[Round "3"]
[White "Demidov,M"]
[Black "Glibstrup,J"]
[Result "1-0"]
[WhiteElo "2199"]
[BlackElo "1966"]

1.d4 Nf6 2.c4 g6 3.Nf3 Bg7 4.Nc3 O-O 5.e4 d6 6.Be2 e5 7.O-O Nc6 8.Be3 Ng4
9.Bg5 f6 10.Bh4 Nh6 11.dxe5 dxe5 12.Qxd8 Nxd8 13.c5 c6 14.Nd2 Ne6 15.Nb3 Nf4
16.Rfd1 Nf7 17.Bc4 Be6 18.Bxe6 Nxe6 19.Rd7 Rab8 20.f3 Rfd8 21.Rad1 Nd4 22.Rxd8+ Rxd8
23.Nxd4 exd4 24.Ne2 d3 25.Nc1 g5 26.Bf2 Ne5 27.b4 f5 28.Be3 f4 29.Bd2 Nc4
30.Nb3 Nxd2 31.Nxd2 Bc3 32.a3 b5 33.Nb1 Bd4+ 34.Kf1 Be3 35.Nd2 Bxd2 36.Rxd2 Kf7
37.Ke1 Ke6 38.Rb2 Ke5 39.Kd2 Kd4 40.Rb3 Kc4 41.Rc3+ Kd4 42.Rxd3+ Ke5 43.Rxd8  1-0

[Event "WYb14"]
[Site "Kemer TUR"]
[Date "2007.11.21"]
[Round "4"]
[White "Kazantzidis,I"]
[Black "Mai,L"]
[Result "0-1"]
[WhiteElo "2111"]
[BlackElo "2166"]

1.d4 Nf6 2.c4 g6 3.Nc3 Bg7 4.e4 d6 5.Nf3 O-O 6.Be2 e5 7.O-O Nc6 8.d5 Ne7
9.b4 Nh5 10.Re1 f5 11.Ng5 Nf6 12.f3 f4 13.c5 h6 14.Nh3 Bxh3 15.gxh3 Nh7 16.Bf1 Bf6
17.Qe2 Rf7 18.a4 Rg7 19.a5 Bh4 20.Rd1 g5 21.c6 b6 22.Nb5 bxa5 23.Bb2 h5 24.Bxe5 dxe5
25.d6 g4 26.hxg4 hxg4 27.Qa2+ Kh8 28.dxc7 gxf3+ 29.Kh1 Qe8 30.Nd6 Qg6 31.Bh3 f2
32.Nb7 Qxe4+  0-1

[Event "WYb14"]
[Site "Kemer TUR"]
[Date "2007.11.21"]
[Round "4"]
[White "Grandelius,N"]
[Black "Zelbel,P"]
[Result "0-1"]
[WhiteElo "2377"]
[BlackElo "2227"]

1.d4 Nf6 2.c4 g6 3.Nc3 Bg7 4.e4 d6 5.Nf3 O-O 6.Be2 e5 7.O-O Nc6 8.d5 Ne7
9.b4 Kh8 10.c5 Ne8 11.a4 f5 12.Nd2 Ng8 13.Nc4 Ngf6 14.Bg5 h6 15.Bxf6 Nxf6
16.Bd3 Rf7 17.Rc1 f4 18.a5 Bf8 19.b5 b6 20.cxb6 cxb6 21.Ra1 Rb8 22.axb6 axb6
23.Na2 Ra8 24.Nb4 Rxa1 25.Qxa1 f3 26.Nc6 Qc7 27.g3 Bg7 28.Rc1 Nh7 29.Qa8 Bf8
30.Qb8 Qxb8 31.Nxb8 Rb7 32.Nc6 Bh3 33.Ra1 Ng5 34.Ra7 Rxa7 35.Nxa7 Bg2 36.h4 Nh3+
37.Kh2 Nxf2 38.Ne3 Nxd3 39.Nxg2 fxg2 40.Nc8 Nc5 41.Nxb6 Nxe4 42.Nc4 Be7 43.b6 Bd8
44.Kxg2 Kg7 45.g4 Nf6 46.b7 Bc7 47.Nb6 Nxg4 48.Nd7 Ne3+  0-1

[Event "WYb14"]
[Site "Kemer TUR"]
[Date "2007.11.21"]
[Round "4"]
[White "Plat,V"]
[Black "Pascua,H"]
[Result "1-0"]
[WhiteElo "2296"]
[BlackElo "2177"]

1.d4 Nf6 2.c4 g6 3.Nc3 Bg7 4.e4 d6 5.Nf3 O-O 6.Be2 e5 7.O-O Nc6 8.d5 Ne7
9.Ne1 Ne8 10.Be3 f5 11.f3 f4 12.Bf2 g5 13.g4 fxg3 14.hxg3 Ng6 15.Ng2 Bh3
16.Kh2 Qd7 17.Be3 h6 18.c5 dxc5 19.Bxc5 Nd6 20.Bxd6 cxd6 21.Bb5 Qc8 22.Rc1 a6
23.Ba4 Bxg2 24.Kxg2 Qd8 25.Ne2 b5 26.Bb3 Qd7 27.Rc2 Rac8 28.Rc6 Qa7 29.Rxd6  1-0